000 00193nam a22000977a 4500
008 170120b xxu||||| |||| 00| 0 eng d
041 _aeng
080 _a618.2
245 _aNPPR
942 _2udc
_cBK
999 _c3250
_d3250